01365cam a2200313 a 450000100090000000300050000900500170001400800410003101000170007202000150008902500240010403500220012803700770015004000130022704200100024004300120025005000280026224500860029026000540037630000440043049000560047450000780053052002120060865000500082065000620087071000380093271000550097083000260102513557977PILC20150506154900.0031209s2001 bg bf 001 0 eng  a 2003328444 a9291371734 aB-E-2003-328444; 22 a(DLC) 2003328444 bLibrary of Congress -- New Delhi Overseas OfficecTk500.00 ($10.00 U.S.) aDLCcDLC alcode aa-bg---00aHF 5548.32b.Se446 200000aSecrets of electronic commerce :ba guide for small and medium sized enterprises. aSwitzerland :bInternational Trade Center,c2000. ax, 321 pages :c31 cm.billustrations ;1 a[Trade secrets series / International Trade Centre] aIncludes bibliographical references and index. Series statement on cover. aHandbook on electronic commerce and its validity; a study by Dacca Chamber of Commerce & Industry under a joint agreement with the International Trade Centre UNCTAD/WTO; with partial reference to Bangladesh. 0aElectronic commercevHandbooks, manuals, etc. 0aElectronic commercezBangladeshvHandbooks, manuals, etc.2 aPhilippine Trade Training Center.2 aInternational Trade Centre UNCTAD CNUCED/ WTO OMC. 0aTrade secrets series.